Decade of the year / (Запис № 487359)

МАРК-запис
000 -LEADER
fixed length control field 01205pam a2200301 a 4500
001 - CONTROL NUMBER
control field decadeofyear00wein
003 - CONTROL NUMBER IDENTIFIER
control field CaSfIA
005 - DATE AND TIME OF LATEST TRANSACTION
control field 20210118001432.0
007 - PHYSICAL DESCRIPTION FIXED FIELD--GENERAL INFORMATION
fixed length control field cr||||
008 - FIXED-LENGTH DATA ELEMENTS--GENERAL INFORMATION
fixed length control field 870109s1987 nyu 001 0 eng
035 ## - SYSTEM CONTROL NUMBER
-- (DLC) 87000482
010 ## - LIBRARY OF CONGRESS CONTROL NUMBER
LC control number 87000482
020 ## - INTERNATIONAL STANDARD BOOK NUMBER
International Standard Book Number 0525245316
040 ## - CATALOGING SOURCE
Original cataloging agency DLC
Transcribing agency DLC
Modifying agency DLC
-- CaSfIA
050 00 - LIBRARY OF CONGRESS CALL NUMBER
Classification number PN6162
Item number .W445 1987
082 00 - DEWEY DECIMAL CLASSIFICATION NUMBER
Classification number 814/.54
Edition number 19
100 1# - MAIN ENTRY--PERSONAL NAME
Personal name Weiner, Ellis.
245 10 - TITLE STATEMENT
Title Decade of the year /
Medium [electronic resource]
Statement of responsibility, etc Ellis Weiner.
250 ## - EDITION STATEMENT
Edition statement 1st ed.
260 ## - PUBLICATION, DISTRIBUTION, ETC. (IMPRINT)
Place of publication, distribution, etc New York :
Name of publisher, distributor, etc Dutton,
Date of publication, distribution, etc c1987.
300 ## - PHYSICAL DESCRIPTION
Extent xx, 234 p. ;
Dimensions 22 cm.
500 ## - GENERAL NOTE
General note Includes index.
506 ## - RESTRICTIONS ON ACCESS NOTE
Standardized terminology for access restriction Необхідна авторизація на https://archive.org/ (створення облікового запису безкоштовно)
506 ## - RESTRICTIONS ON ACCESS NOTE
Standardized terminology for access restriction Необхідна авторизація на https://openlibrary.org/ (створення облікового запису безкоштовно)
856 41 - ELECTRONIC LOCATION AND ACCESS
Uniform Resource Identifier <a href="http://www.archive.org/details/decadeofyear00wein">http://www.archive.org/details/decadeofyear00wein</a>
Public note Free eBook from the Internet Archive
856 42 - ELECTRONIC LOCATION AND ACCESS
Uniform Resource Identifier <a href="http://www.openlibrary.org/books/OL2372481M">http://www.openlibrary.org/books/OL2372481M</a>
Public note Additional information and access via Open Library
942 ## - ADDED ENTRY ELEMENTS (KOHA)
Koha item type ЕКнига

Немає доступних примірників.